Baby, you can ('t) drive my car: el caso de Uber en México = Baby you can ('t) drive my car. The case of Über in Mexico /
Saved in:
| Main Author: | |
|---|---|
| Other Authors: | |
| Format: | Text |
| Tags: |
Add Tag
No Tags, Be the first to tag this record!
|
MARC
| LEADER | 00000 a a2200000 04500 | ||
|---|---|---|---|
| 001 | 48827 | ||
| 003 | |||
| 040 | |||
| 100 | |a Avalos, Marcos | ||
| 245 | |a Baby, you can ('t) drive my car: el caso de Uber en México = |b Baby you can ('t) drive my car. The case of Über in Mexico / |c Marcos Avalos, Paula Sofía | ||
| 700 | |a Sofía, Paula | ||
| 773 | |g volumen1, número390, (2015), páginas 104-112 | ||
| 999 | |c 33060 |d 33060 | ||
